[Event "HUN tt U20"]
[Site "Budapest"]
[Date "2001.12.29"]
[Round "4"]
[White "Nemeth, Adrian"]
[Black "Martin, Bela Jr"]
[Result "1-0"]
[WhiteElo "1714"]
[BlackElo "1893"]
[PlyCount "107"]
[EventDate "2001.12.27"]
[EventType "team-tourn"]
[EventRounds "7"]
[EventCountry "HUN"]
[SourceTitle "EXT 2004"]
[Source "ChessBase"]
[SourceDate "2003.11.25"]
[SourceVersion "1"]
[SourceVersionDate "2003.11.25"]
[SourceQuality "1"]

1. c4 Nf6 2. d4 g6 3. Nc3 d5 4. b3 Bg7 5. Bb2 0-0 6. e3 Nc6 7. Nf3 Bg4 8. Be2 e6 9. h3 Bxf3 10. Bxf3 Qd7 11. 0-0 Rad8 12. cxd5 exd5 13. Rc1 Rfe8 14. Na4 b6 15. Qc2 Nb4 16. Qd2 a5 17. a3 Na6 18. Be2 Ra8 19. Qc2 Rec8 20. Bd3 b5 21. Nc5 Nxc5 22. Qxc5 c6 23. Rc2 Ne4 24. Bxe4 dxe4 25. Qb6 Qc7 26. Qxc7 Rxc7 27. Rfc1 Rac8 28. Bc3 Ra8 29. Be1 Ra6 30. d5 Be5 31. Rxc6 Raxc6 32. Rxc6 Rxc6 33. dxc6 Bc7 34. b4 a4 35. Bc3 f5 36. f4 Kf7 37. Be5 Bb6 38. c7 Bxc7 39. Bxc7 Ke6 40. g4 Kd5 41. gxf5 gxf5 42. Kg2 Kc4 43. Kg3 Kb3 44. Kh4 Kxa3 45. Bd6 Kb3 46. Kg5 a3 47. Kxf5 a2 48. Be5 Kxb4 49. Ke6 Kb3 50. f5 Kc2 51. f6 b4 52. f7 b3 53. f8Q b2 54. Qf2+ 1-0

[Event "HUN tt U20"]
[Site "Budapest"]
[Date "2001.12.28"]
[Round "2"]
[White "Nemeth, Adrian"]
[Black "Bednay, Bence"]
[Result "1-0"]
[WhiteElo "1714"]
[BlackElo "2034"]
[PlyCount "93"]
[EventDate "2001.12.27"]
[EventType "team-tourn"]
[EventRounds "7"]
[EventCountry "HUN"]
[SourceTitle "EXT 2004"]
[Source "ChessBase"]
[SourceDate "2003.11.25"]
[SourceVersion "1"]
[SourceVersionDate "2003.11.25"]
[SourceQuality "1"]

1. c4 c5 2. d3 e6 3. g3 d5 4. cxd5 exd5 5. Bg2 Be6 6. e3 Qd7 7. Ne2 Nf6 8. 0-0 Nc6 9. Nbc3 g6 10. d4 cxd4 11. Nxd4 Bg7 12. Nxe6 fxe6 13. Qb3 0-0 14. Rd1 Qf7 15. f4 Rfd8 16. Bd2 Rac8 17. Nb5 a6 18. Nd4 Nxd4 19. exd4 Rc6 20. Ba5 Rdc8 21. Bb6 Kh8 22. a4 Ne8 23. Bc5 Bf6 24. Rd3 Qg7 25. Re1 Bd8 26. Bh3 Qf7 27. Rde3 Ng7 28. Qd3 Bf6 29. a5 Bd8 30. Qe2 Bxa5 31. b4 Rxc5 32. dxc5 Bxb4 33. Rc1 Rxc5 34. Qb2 a5 35. Kg2 Rxc1 36. Qxc1 Nf5 37. Bxf5 exf5 38. Qb2+ Kg8 39. Rd3 Qe6 40. Qe5 Kf7 41. Qxd5 Qxd5+ 42. Rxd5 b6 43. Rd7+ Kg8 44. Rb7 Bc5 45. Rb8+ Kf7 46. Rb7+ Kg8 47. Rb8+ 1-0